000 00400nam a2200157Ia 4500
001 23838
003 IN-NITTTR
005 20251114233307.0
008 251113s9999||||xx |||||||||||||| ||eng||
040 _beng
040 _cIN-NITTTR
041 _aeng
082 _a004.16 L74M
245 0 _aMicrocomputer systems- the 8086/8088 family :
_b architecture, programming, and design /
942 _2ddc
_cBK
999 _c26467
_d26467